| 000 | 00696cam a2200253 4500500 | ||
|---|---|---|---|
| 005 | 20260329004939.0 | ||
| 041 | _afre | ||
| 042 | _adc | ||
| 100 | 1 | 0 |
_aLochmann, Arthur _eauthor |
| 245 | 0 | 0 | _aVertige d’une nuit d’été |
| 260 | _c2021. | ||
| 500 | _a2 | ||
| 690 | _aArthur Lochmann | ||
| 690 | _aÉtoiles | ||
| 690 | _aFragilité | ||
| 690 | _aMétaphysique | ||
| 690 | _aMontagne | ||
| 690 | _apaysage | ||
| 690 | _aPerception | ||
| 690 | _aSartre | ||
| 690 | _aSublime | ||
| 786 | 0 | _nPhilosophie magazine | 152 | 9 | 2021-09-01 | p. 31-31 | 1951-1787 | |
| 856 | 4 | 1 | _uhttps://shs.cairn.info/magazine-philosophie-magazine-2021-9-page-31?lang=fr&redirect-ssocas=7080 |
| 999 |
_c1838818 _d1838818 |
||